000 00988nam a22002897a 4500
003 CHAP
005 20220329135346.0
008 971013s1972 r 00010 d
010 _a35016
011 _a35988
035 _a40107
040 _cCHAP
082 _a333.0972
_bM491 1972
110 _aMéxico. Leyes, decretos, etc.
_977071
245 _aLey federal de reforma agraria
_b: exposición de motivos, antecedentes, comentarios y correlaciones
260 _aMéxico, D.F. :
_bPorrúa,
_c1972
300 _a327 p
590 _aBATCH-UPD
_b10
_c20130110
_lUCH01
_h2013
590 _aBATCH-UPD
_b10
_c20130410
_lUCH01
_h1332
590 _aBATCH-UPD
_b10
_c20130914
_lUCH01
_h1958
590 _aCONVERSION
_b10
_c20130109
_lUCH01
_h1320
650 1 4 _aReforma agraria
_xLeyes
_xMéxico.
_995562
901 _aBK
942 _cLIBRO
949 _a333.0972 M491 1972
_bBC
_cLIBRO
_d-91661
_eLIBRO
_h60709
_i40107
_si
949 _a333.0972 M491 1972
_bBC
_cLIBRO
_d-91662
_eLIBRO
_fc.2
_h73457
_i40107
_si
999 _c35016
_d35016